000
00233nam a2200097Ia 4500
001
689868
005
20250826161805.0
008
250824s9999 xx 000 0 und d
245
0
_a
UZAK ÜLKE
_c
FATMA ALİYE
260
_b
TİMAŞ YAYINLARI
999
_c
689868
_d
689868